Biblioteca y Centro de Documentación

La prejubilación en el proceso de transformación del sistema de protección social (Registro nro. 42755)

Detalles MARC
000 -CABECERA
Longitud fija campo de control 00957naa a2200265 c 4500
001 - NÚMERO DE CONTROL
Número de control 42755
003 - IDENTIFICADOR DE NÚMERO DE CONTROL
Identificador del número de control ES-MaCES
005 - FECHA Y HORA DE LA ÚLTIMA TRANSACCIÓN
Fecha y hora de la última transacción 20150724115919.0
008 - CAMPO FIJO DE DESCRIPCIÓN FIJA--INFORMACIÓN GENERAL
Códigos de información de longitud fija   120509n2009 sp t 010 | spa d
035 ## - NÚMERO DE CONTROL DEL SISTEMA
Número de control del sistema CES20120003654v
040 ## - FUENTE DE CATALOGACIÓN
Centro catalogador de origen ES-MaCES
Lengua de catalogación spa
Centro transcriptor ES-MaCES
100 1# - ENCABEZAMIENTO PRINCIPAL--NOMBRE PERSONAL
Nombre de persona López Cumbre, Lourdes
9 (RLIN) 16866
245 13 - MENCIÓN DE TÍTULO
Título La prejubilación en el proceso de transformación del sistema de protección social
Mención de responsabilidad, etc. Lourdes López Cumbre
504 ## - NOTA DE BIBLIOGRAFÍA, ETC.
Nota de bibliografía, etc. Bibliografía: p. 718
650 #4 - ASIENTO SECUNDARIO DE MATERIA--TÉRMINO DE MATERIA
Término de materia o nombre geográfico como elemento inicial España
9 (RLIN) 26964
650 #4 - ASIENTO SECUNDARIO DE MATERIA--TÉRMINO DE MATERIA
Término de materia o nombre geográfico como elemento inicial protección social
9 (RLIN) 29076
650 #4 - ASIENTO SECUNDARIO DE MATERIA--TÉRMINO DE MATERIA
Término de materia o nombre geográfico como elemento inicial prestaciones de vejez
9 (RLIN) 27041
650 #4 - ASIENTO SECUNDARIO DE MATERIA--TÉRMINO DE MATERIA
Término de materia o nombre geográfico como elemento inicial seguridad social
9 (RLIN) 27034
653 10 - TÉRMINO DE INDEXACIÓN--NO CONTROLADO
Término no controlado Seguridad Social
650 #4 - ASIENTO SECUNDARIO DE MATERIA--TÉRMINO DE MATERIA
9 (RLIN) 29152
Término de materia o nombre geográfico como elemento inicial jubilación anticipada
773 0# - ENTRADA DE DOCUMENTO FUENTE
Título La Seguridad Social a la luz de sus reformas pasadas, presentes y futuras
Parte(s) relacionada(s) p. 695-718 SR.- 6.0.1. - 54
Número de control del registro relacionado (ES-MaCES)21026
902 ## - CES. TIPO DE DOCUMENTO
Tipodoc (006$c Sirtex) ARL Artículo de libro
942 ## - ELEMENTOS KOHA
Fuente de clasificaión o esquema Clasificación propia del CES
Koha [por defecto] tipo de item Artículos (1982-2017)
Parte de clasificación 3.0.

No hay ítems disponibles.

© CES, Consejo Económico y Social de España 2021